000 01133nam a2200265 a 4500
001 BRCA_709
005 20190320203121.0
008 970327s1999 mx-a---##b---#000-0#spa-#
020 _a9687508671
040 _aDLC
_cDLC
_dDLC
050 4 _aF1391.V4
_b.V47 1999
245 1 0 _aVeracruz
_bprimer puerto del continente
_cprólogo Guillermo Tovar de Teresa ; textos Alejandro de Antuñano Maurer ... [et al.] ; edición Alejandro de Antuñano Maurer ; fotografía José Ignacio González Manterola ; fotografía aérea Pablo Oseguera Iturbide.
250 _a2
260 _aMéxico
_bICA, Gobierno del Estado de Veracruz-Llave
_c1999
300 _a318 p.
_bil. (algunas a color), mapas
_c34 cm.
504 _aIncluye referencias bibliográficas
546 _aTexto en español e inglés
651 4 _aVeracruz (México)
_xHistoria
_92335
651 4 _aVeracruz (México)
_xDescripción y viajes
_92336
651 4 _aVeracruz (México)
_xTrabajos Ilustrados
_92337
700 1 _aTovar de Teresa, Guilllermo
_92338
700 1 _aGonzález Manterola, José Ignacio
_92339
700 1 _aAntuñano Maurer, Alejandro de
_9705
942 _2lcc
_cB
999 _c612
_d612